White heat cold logic : (Record no. 24354)

000 -LEADER
fixed length control field 01498cam a2200361 a 4500
001 - CONTROL NUMBER
control field 15258151
005 - DATE AND TIME OF LATEST TRANSACTION
control field 20170128113932.0
008 - FIXED-LENGTH DATA ELEMENTS--GENERAL INFORMATION
fixed length control field 080411s2008 maua b 001 0 eng
010 ## - LIBRARY OF CONGRESS CONTROL NUMBER
LC control number 2008016997
015 ## - NATIONAL BIBLIOGRAPHY NUMBER
National bibliography number GBA8A7152
Source bnb
016 7# - NATIONAL BIBLIOGRAPHIC AGENCY CONTROL NUMBER
Record control number 014749085
Source Uk
020 ## - INTERNATIONAL STANDARD BOOK NUMBER
International Standard Book Number 9780262026536 (hardcover : alk. paper)
020 ## - INTERNATIONAL STANDARD BOOK NUMBER
International Standard Book Number 0262026538 (hardcover : alk. paper)
035 ## - SYSTEM CONTROL NUMBER
System control number (OCoLC)ocn216938373
035 ## - SYSTEM CONTROL NUMBER
System control number (OCoLC)216938373
050 00 - LIBRARY OF CONGRESS CALL NUMBER
Classification number N7433.84.G7
Item number W45 2008
245 00 - TITLE STATEMENT
Title White heat cold logic :
Remainder of title British computer art 1960-1980 /
Statement of responsibility, etc. edited by Paul Brown ... [et al.].
260 ## - PUBLICATION, DISTRIBUTION, ETC. (IMPRINT)
Place of publication, distribution, etc. Cambridge, Mass. :
Name of publisher, distributor, etc. MIT Press,
Date of publication, distribution, etc. c2008.
300 ## - PHYSICAL DESCRIPTION
Extent x, 450 p. :
Other physical details ill. ;
Dimensions 24 cm.
490 1# - SERIES STATEMENT
Series statement Leonardo
504 ## - BIBLIOGRAPHY, ETC. NOTE
Bibliography, etc Includes bibliographical references and index.
650 #0 - SUBJECT ADDED ENTRY--TOPICAL TERM
Topical term or geographic name as entry element Computer art
Geographic subdivision Great Britain.
650 #0 - SUBJECT ADDED ENTRY--TOPICAL TERM
Topical term or geographic name as entry element Art, British
Chronological subdivision 20th century.
700 1# - ADDED ENTRY--PERSONAL NAME
Personal name Brown, Paul,
Dates associated with a name 1947 October 23-
830 #0 - SERIES ADDED ENTRY--UNIFORM TITLE
Uniform title Leonardo books.
856 41 - ELECTRONIC LOCATION AND ACCESS
Materials specified Table of contents only
Uniform Resource Identifier <a href="http://www.loc.gov/catdir/toc/ecip0816/2008016997.html">http://www.loc.gov/catdir/toc/ecip0816/2008016997.html</a>
942 ## - ADDED ENTRY ELEMENTS (KOHA)
Source of classification or shelving scheme
Koha item type Hard Covered Materials
Holdings
Withdrawn status Lost status Source of classification or shelving scheme Damaged status Not for loan Home library Current library Shelving location Date acquired Source of acquisition Total Checkouts Full call number Barcode Date last seen Price effective from Koha item type
          MACHAKOS UNIVERSITY LIBRARY MACHAKOS UNIVERSITY LIBRARY Technical section 28/01/2017 Donation(BFA)   N 7433.84 .G745 2008 32761 31/05/2018 28/01/2017 Hard Covered Materials
© Machakos University Library, Along The Highway, Machakos Wote Rd, Machakos, Kenya P.O. Box 136 - 90100 Machakos - Kenya

Tel: ( +254 ) 723 805829 OR Fax : 044-20353 OR Email: library@mksu.ac.ke